00412 2200169 4500001002100000008004100021035002000062245004800082100002300130250000600153260002300159300001200182084001400194082000800208650001400216990001200230INLIS000000000001133 ind  a0010-0524000368 aKamus Bergambar 3 BahasacMahendra Wibisono aWibisono, Mahendra a1 aJakarta :bPurnama a184 hlm a400 MAH k a400 aReferensi a0744111